000 01285cam a2200313 i 4500
001 2671
005 20250828090616.0
020 _a9780316244121 (hardback)
020 _a9781444913989
040 _aDLC
_beng
_cDLC
_erda
_dDLC
050 0 0 _aPZ7.C83535
_bHld 2013
082 0 0 _a823.92
_223
100 1 _aCowell, Cressida
_eauthor
_eillustrator
245 1 0 _aHow to betray a dragon's hero /
_cwritten and illustrated by Cressida Cowell
250 _aFirst published in Great Britain in 2013
260 _aLondon :
_bHodder Children's Books,
_c2013
300 _a366 pages :
_billustrations ;
_c20 cm.
490 0 _aHow to train your dragon ;
_vbook 11
500 _aOriginally published in Great Britain in 2013 by Hodder Childer's Books.
505 _aR
520 _a"Hiccup is in hiding in the Murderous Mountains with the Company of the Dragonmark, but he is determined to become King of the Wilderwest by defeating the witch's Vampire Spydragons and steal back the King's Things from Alvin the Treacherous"--
_cProvided by publisher.
521 _a910
_bLexile
521 _aR
_bRaz-Plus
650 0 _aVikings
_vJuvenile fiction.
650 1 _aVikings
_vFiction.
650 1 _aDragons
_vFiction.
906 _a7
_bcbc
_corignew
_d1
_eecip
_f20
_gy-gencatlg
942 _2ddc
_cBK
_n0
999 _c2671
_d2671